000 00730nas a2200241 4500
001 BR8001623
003 BR-BrBNA
005 20231205084241.0
007 ta
008 230509b bl.|||p| |||| 00| 00por d
040 _aBR-BrBNA
_bpor
_cBiblioteca Nacional de Agricultura
041 _a(Pt)
072 _aK50; N20
100 1 _aAnon.
245 1 _aEstabilidade das laminas de serra de fita [Industria florestal; Maquina agricola]
650 _aIndustria florestal
650 _aEquipamento rural
650 _aSerra
650 _aMaquina agricola
773 0 _tRevista da Madeira (Brazil)
_xISSN 0031-7582
_g(Jan 1980), v. 29(337) p. 7-15
_wBR8001623
909 _a202311
_bLúcia
_c55
_dLúcia Elande
942 _2AGRIS
_n0
_cANA
999 _c104034
_d104034